Οι Κυκλάδες στην εποχή του χαλκού

Αποθηκεύτηκε σε:
Λεπτομέρειες βιβλιογραφικής εγγραφής
Κύριος συγγραφέας: Barber, R. L. N.
Μορφή: Βιβλίο
Γλώσσα:Greek
English
Δημοσίευση: Αθήνα : Εμπορική Τράπεζα της Ελλάδος, 1994.
Θέματα:
Ετικέτες: Προσθήκη ετικέτας
Δεν υπάρχουν, Καταχωρήστε ετικέτα πρώτοι!

MARC

LEADER 00000cam a2200000 i 4500
001 1/83736
008 990609s1994 gr | ||| |||| ||gre||
020 |a 9607059042 
035 |l 10051426 
040 |a GR-MyUa  |b gre  |e AACR2 
041 1 |a gre  |h eng 
082 7 |2 (21)  
082 7 |a 938.114   |2 (22)  
100 1 |a Barber, R. L. N. 
245 1 3 |a Οι Κυκλάδες στην εποχή του χαλκού /   |c R.L.N. Barber ; μετάφραση Όλγα Χατζηαναστασίου. 
260 |a Αθήνα :   |b Εμπορική Τράπεζα της Ελλάδος,   |c 1994.  
300 |a 292 σ. :   |b εικ.   |c 25 εκ. 
500 |a Τίτλος πρωτοτύπου: The Cyclades in the Bronze Age.  
504 |a Βιβλιογραφία: σ. [270]-285.  
650 0 |a Bronze age  |z Greece  |z Cyclades. 
651 0 |a Cyclades (Greece)  |x Antiquities. 
651 0 |a Cyclades (Greece)  |x Civilization. 
852 |a INST  |b RHODES  |e 19990609  |h 938.27 BAR  |p 005400015030  |q 005400015030  |t BK  |y 0 
852 |a INST  |b SYROS  |c KYK  |e 20011114  |h 938.114 BAR  |p 005500000709  |q 005500000709  |t BK  |y 0 
901 |a BIBL5-2001-3 
901 |a BIBL4-1999-2 
922 |a 5ΕΛΗ  |b 200111  |c Βιβλιοθήκη Σύρου  |d Σταθόπουλος 
922 |a 4ΕΛΗ  |b 199903  |d EMVASIS 
950 |a 188-2001-11-06 
970 |a Κοντού  |b Παρασκευή  |z 12/07/2008